Kitab tobah tunnusu = کتاب توبۃ النصوح / (Record no. 122155)
[ view plain ]
| 000 -LEADER | |
|---|---|
| fixed length control field | 00517nam a2200157 4500 |
| 005 - DATE AND TIME OF LATEST TRANSACTION | |
| control field | 20210430120036.0 |
| 008 - FIXED-LENGTH DATA ELEMENTS--GENERAL INFORMATION | |
| fixed length control field | 210430b ||||| |||| 00| 0 eng d |
| 040 ## - CATALOGING SOURCE | |
| Transcribing agency | PK-LaUMT |
| 082 ## - DEWEY DECIMAL CLASSIFICATION NUMBER | |
| Classification number | RHC 891.4393 |
| Item number | NAZ-K |
| 100 ## - MAIN ENTRY--PERSONAL NAME | |
| Personal name | Nazir Ahmad, Muhammad = نزیر احمد، محمد |
| 245 ## - TITLE STATEMENT | |
| Title | Kitab tobah tunnusu = کتاب توبۃ النصوح / |
| Statement of responsibility, etc | by Muhammad Nazir Ahmad = از محمد نزیر احمد |
| 260 ## - PUBLICATION, DISTRIBUTION, ETC. (IMPRINT) | |
| Place of publication, distribution, etc | Aagrah : |
| Name of publisher, distributor, etc | Mutbah Mufeed Aam, |
| Date of publication, distribution, etc | 1874 |
| 300 ## - PHYSICAL DESCRIPTION | |
| Extent | 276 p. |
| 500 ## - GENERAL NOTE | |
| General note | P. copy |
| 942 ## - ADDED ENTRY ELEMENTS (KOHA) | |
| Koha item type | Books |
| Withdrawn status | Lost status | Damaged status | Home library | Current library | Date acquired | Full call number | Barcode | Date last seen | Price effective from | Koha item type |
|---|---|---|---|---|---|---|---|---|---|---|
| UMT Main Campus | UMT Main Campus | 2021-04-30 | RHC 891.4393 NAZ-K | 137529 | 2021-04-30 | 2021-04-30 | Books |
